书目信息 |
| 题名: |
犯罪离我们有多远
|
|
| 作者: | 刘艳红, 编著 | |
| 分册: | ||
| 出版信息: | 武汉 武汉大学出版社 2007.10 |
|
| 页数: | 382页 | |
| 开本: | 23cm | |
| 丛书名: | 法律与现代生活丛书 | |
| 单 册: | ||
| 中图分类: | D924.04 | |
| 科图分类: | ||
| 主题词: | 刑法--xing fa--基本知识--中国 | |
| 电子资源: | ||
| ISBN: | 978-7-307-05821-7 | |
| 000 | 01008nam 2200265 450 | |
| 001 | 012008653414 | |
| 005 | 20080807142415.23 | |
| 010 | @a978-7-307-05821-7@dCNY23.00 | |
| 100 | @a20080807d2007 em y0chiy0120 ea | |
| 101 | 0 | @achi |
| 102 | @aCN@b420000 | |
| 105 | @aa z 000yy | |
| 106 | @ar | |
| 200 | 1 | @a犯罪离我们有多远@Afan zui li wo men you duo yuan@e生活中的刑法@f刘艳红等编著@Fliu yan hong deng bian zhu |
| 210 | @a武汉@c武汉大学出版社@d2007.10 | |
| 215 | @a382页@c图@d23cm | |
| 225 | 2 | @a法律与现代生活丛书@Afa lu yu xian dai sheng huo cong shu |
| 330 | @a本书以案例的方式讲述了生活中的刑事犯罪问题。全书共分六个部分,包括刑法问题知多少、人身权利如何保护、经济黑洞知多少、公私财产如何保护等内容。 | |
| 410 | 0 | @12001 @a法律与现代生活丛书 |
| 517 | 1 | @a生活中的刑法@Asheng huo zhong de xing fa |
| 606 | 0 | @a刑法@Axing fa@x基本知识@y中国 |
| 690 | @aD924.04@v4 | |
| 701 | 0 | @a刘艳红,@Aliu yan hong@f1970.10- @4编著 |
| 801 | 0 | @aCN@bQSSK@c20080807 |
| 905 | @b732633-35@dD924.04@eL702@f3 | |
| 犯罪离我们有多远:生活中的刑法/刘艳红等编著.-武汉:武汉大学出版社,2007.10 |
| 382页:图;23cm.-(法律与现代生活丛书) |
| ISBN 978-7-307-05821-7:CNY23.00 |
| 本书以案例的方式讲述了生活中的刑事犯罪问题。全书共分六个部分,包括刑法问题知多少、人身权利如何保护、经济黑洞知多少、公私财产如何保护等内容。 |
| ● |
| 相关链接 |
|
|
|
正题名:犯罪离我们有多远
索取号:D924.04/L702
 
预约/预借
| 序号 | 登录号 | 条形码 | 馆藏地/架位号 | 状态 | 备注 |
| 1 | 732633 | 207326339 | 社科库509/509社科库 97排1列5层/ [索取号:D924.04/L702] | 在馆 | |
| 2 | 732634 | 207326348 | 社科库509/422社科库 38排1列1层/ [索取号:D924.04/L702] | 在馆 | |
| 3 | 732635 | 207326357 | 社科库509/509社科库 97排1列5层/ [索取号:D924.04/L702] | 在馆 |